| 000 | 00549nam a22001937a 4500 | ||
|---|---|---|---|
| 003 | AR-RoIUNI | ||
| 005 | 20210303131221.0 | ||
| 008 | 190319b xxu||||| |||| 00| 0 spa d | ||
| 020 | _a978-987-570-374-2 | ||
| 040 |
_bSpa _cIUNIR |
||
| 080 | _a159.922.7 | ||
| 100 | 1 | _aLande, Federico. | |
| 245 | 0 |
_aPsicología de la actividad física : _borientaciones para reducir los riesgos del sedentarismo / _cFederico Lande. |
|
| 300 | _a128 p. ; | ||
| 650 | _2PSICOLOGÍA INFANTIL | ||
| 650 | _2DEPORTES | ||
| 650 | _2PSICOLOGIA | ||
| 942 |
_2cdu _cBK |
||
| 999 |
_c4379 _d4379 |
||